Movies Quiz

Random Movies or Clickable Quiz

Movies by IMDb FAQ II Quiz Stats

Quiz Updated Mar 5, 2016

Also try: Movies by IMDb FAQ
Challenge
Share
Tweet
Embed
Score 0/30 Timer 07:00
7 Plays Today
% Correct
Harry Potter and the Sorcerer's Stone
90.5%
Star Wars: Episode V - The Empire Strikes Back
89.5%
Slumdog Millionaire
88.1%
American Pie
87.9%
Finding Nemo
87.8%
Home Alone
86.8%
Inception
84.7%
Armageddon
82.1%
The Godfather
81.8%
Avatar
79.5%
Ocean's Eleven
78.9%
District 9
78.6%
The Avengers
77.1%
Pinocchio
76.7%
Star Trek
73.9%
% Correct
King Kong
72.5%
2001: A Space Odyssey
70.5%
Independence Day
66.4%
127 Hours
66.3%
Monty Python and the Holy Grail
65.2%
The Prestige
65.2%
Skyfall
63.9%
The Good, The Bad and the Ugly
54.2%
No Country For Old Men
53.6%
The Usual Suspects
53.5%
Zombieland
53%
Saving Private Ryan
52.6%
Silence of the Lambs
48.5%
Psycho
48.4%
Sin City
46.2%

You're not logged in!

Compare scores with friends on all Sporcle quizzes.
Sign Up with Email
OR
Log In

You Might Also Like...

Show Comments

Extras

Top Quizzes Today


Score Distribution

Your Account Isn't Verified!

In order to create a playlist on Sporcle, you need to verify the email address you used during registration. Go to your Sporcle Settings to finish the process.